[Event "46th Rilton Cup 2016-17"]
[Site "Stockholm SWE"]
[Date "2017.01.01"]
[Round "5.46"]
[White "Svorono, Gabriel"]
[Black "Chan, Kim Yew"]
[Result "0-1"]
[WhiteElo "2094"]
[BlackElo "2231"]
[WhiteFideId "1715623"]
[BlackFideId "5717981"]
[EventDate "2016.12.27"]

1. e4 c5 2. Nf3 g6 3. d4 Bg7 4. c4 d6 5. Be2 Bg4 6. dxc5 dxc5 7. Qxd8+ Kxd8 8.
O-O Nc6 9. Nbd2 Nf6 10. Rb1 e6 11. a3 a5 12. b3 Bxf3 13. Bxf3 Ke7 14. Bd1 Rhd8
15. f4 e5 16. g3 Rd7 17. Bf3 Rad8 18. Rf2 Rd4 19. fxe5 Nxe5 20. Bb2 Rxd2 21.
Bxe5 Nxe4 22. Bxe4 Bxe5 23. Rxd2 Rxd2 24. Bxb7 Bb2 25. a4 h5 26. Bd5 Bd4+ 27.
Kh1 Be5 28. Rf1 f5 29. Bg2 Kf6 30. Kg1 Bd4+ 31. Kh1 Be5 32. Kg1 Kg5 33. Kh1 h4
34. gxh4+ Kxh4 35. Kg1 Kg5 36. Rf3 Kf6 37. Rf1 Rb2 38. Rf3 Bd4+ 39. Kf1 Rb1+ 40.
Ke2 Rb2+ 41. Kf1 Ke5 42. h3 g5 43. Bh1 Rb1+ 44. Kg2 Ke4 45. Rf1 Rxb3 46. Kh2+
Ke5 47. Re1+ Be3 0-1

[Event "46th Rilton Cup 2016-17"]
[Site "Stockholm SWE"]
[Date "2017.01.01"]
[Round "5.47"]
[White "Berglind, Axel"]
[Black "Pranav, Anand"]
[Result "1-0"]
[WhiteElo "2043"]
[BlackElo "2230"]
[WhiteFideId "1720228"]
[BlackFideId "46626786"]
[EventDate "2016.12.27"]

1. d4 Nf6 2. Bg5 Ne4 3. h4 d5 4. Nf3 c5 5. dxc5 Nc6 6. Nbd2 Nxc5 7. c3 f6 8. Be3
e5 9. Bxc5 Bxc5 10. Nb3 Be7 11. Qc2 Be6 12. e4 dxe4 13. Qxe4 O-O 14. Bc4 Bxc4
15. Qxc4+ Kh8 16. Rd1 Qb6 17. O-O Rac8 18. Qe6 Rfe8 19. Rd7 Bf8 20. Qf7 Re7 21.
Rxe7 Bxe7 22. Rd1 Rd8 23. Rd7 h6 24. Rxe7 Nxe7 25. Qxe7 Rd1+ 26. Kh2 Qxf2 27.
Nc5 Qc2 28. Ne6 Qg6 29. Qxb7 Qh7 30. Qe7 Qg8 31. h5 e4 32. Nh4 Qb8+ 33. g3 Rd2+
34. Kh3 1-0

[Event "46th Rilton Cup 2016-17"]
[Site "Stockholm SWE"]
[Date "2017.01.01"]
[Round "5.48"]
[White "Cramling Bellon, Anna"]
[Black "Glimbrant, Torbjorn"]
[Result "0-1"]
[WhiteElo "1970"]
[BlackElo "2228"]
[WhiteFideId "32009232"]
[BlackFideId "1700995"]
[EventDate "2016.12.27"]

1. d4 Nf6 2. c4 g6 3. Nc3 Bg7 4. e4 d6 5. f4 O-O 6. Nf3 c5 7. d5 a6 8. a4 b6 9.
Be2 Ra7 10. O-O e6 11. e5 Ne8 12. Be3 exd5 13. cxd5 Re7 14. Qd2 Bg4 15. a5 b5
16. exd6 Qxd6 17. Rac1 Bxf3 18. Rxf3 Nd7 19. Kh1 f5 20. Rff1 Nef6 21. Bf3 Rfe8
22. Rfe1 h6 23. g3 Kh7 24. Bf2 c4 25. Ne2 Ne4 26. Bxe4 Rxe4 27. Nc3 Rxe1+ 28.
Rxe1 Rxe1+ 29. Qxe1 b4 30. Na2 Qxd5+ 31. Kg1 b3 32. Nc3 Qxa5 33. Qe7 Qa1+ 34.
Be1 Nf6 35. Qe2 Ne4 36. Kg2 Nxc3 37. Bxc3 Bxc3 38. Kf3 Qh1+ 0-1

[Event "46th Rilton Cup 2016-17"]
[Site "Stockholm SWE"]
[Date "2017.01.01"]
[Round "5.50"]
[White "Ryzhkov, Vjacheslav"]
[Black "Vrtiakova, Anna"]
[Result "1/2-1/2"]
[BlackTitle "WFM"]
[WhiteElo "2148"]
[BlackElo "2010"]
[WhiteFideId "4198484"]
[BlackFideId "14927870"]
[EventDate "2016.12.27"]

1. e4 c5 2. a3 Nc6 3. b4 d6 4. bxc5 dxc5 5. Nf3 Nf6 6. Nc3 e6 7. Bc4 Be7 8. O-O
O-O 9. Rb1 b6 10. d3 Bb7 11. h3 a6 12. a4 Qc7 13. Nh2 Na5 14. Ba2 c4 15. Be3
cxd3 16. Bxb6 Qxc3 17. Bxa5 Qxa5 18. Rxb7 dxc2 19. Qxc2 Rac8 20. Qe2 Bd6 21. Nf3
Bc5 22. e5 Nd5 23. Ng5 h6 24. Nxe6 fxe6 25. Qg4 Bxf2+ 26. Kh1 Nc7 27. Bxe6+ Nxe6
28. Qxe6+ Kh8 29. Qe7 Rg8 30. e6 Qc5 31. Qf7 Rcf8 32. Qg6 Rf6 33. Qg4 Qd5 34.
Rd7 Qxe6 35. Qxe6 Rxe6 1/2-1/2

[Event "46th Rilton Cup 2016-17"]
[Site "Stockholm SWE"]
[Date "2017.01.01"]
[Round "5.51"]
[White "Henderson de La Fuente, Andrea"]
[Black "Crevatin, Leo"]
[Result "1/2-1/2"]
[WhiteElo "2019"]
[BlackElo "1973"]
[WhiteFideId "32096577"]
[BlackFideId "1726307"]
[EventDate "2016.12.27"]

1. e4 c5 2. Nc3 Nc6 3. g3 e6 4. Bg2 Nge7 5. d3 d5 6. exd5 Nxd5 7. Nge2 Be7 8.
O-O O-O 9. Nxd5 exd5 10. d4 cxd4 11. Nxd4 Nxd4 12. Qxd4 Be6 13. c3 Bf6 14. Qb4
Qe7 15. Qxe7 Bxe7 16. Be3 Rfd8 17. Bd4 Rd7 18. Rad1 b6 19. f4 g6 20. Kf2 Rc8 21.
h3 h5 22. Rh1 Bc5 23. Bf1 Bf5 24. Be2 Be4 25. Rhe1 Re7 26. Ba6 Rce8 27. Bb5 Rc8
28. Bxc5 Rxc5 29. a4 f5 30. Rg1 Rc8 31. Rge1 Kf7 32. Rd4 Rec7 1/2-1/2

[Event "46th Rilton Cup 2016-17"]
[Site "Stockholm SWE"]
[Date "2017.01.02"]
[Round "6.2"]
[White "Sasikiran, Krishnan"]
[Black "Postny, Evgeny"]
[Result "1-0"]
[WhiteTitle "GM"]
[BlackTitle "GM"]
[WhiteElo "2661"]
[BlackElo "2620"]
[WhiteFideId "5004985"]
[BlackFideId "2804344"]
[EventDate "2016.12.27"]

1. e4 e5 2. Nf3 Nc6 3. Bb5 a6 4. Ba4 Nf6 5. O-O Be7 6. Re1 b5 7. Bb3 d6 8. c3
O-O 9. h3 Nb8 10. d4 Nbd7 11. Nbd2 Bb7 12. Bc2 c5 13. d5 c4 14. b3 cxb3 15. axb3
Qc7 16. Bb2 a5 17. b4 axb4 18. Rxa8 Rxa8 19. cxb4 Nb6 20. Bd3 Nc4 21. Qc2 Rc8
22. Rc1 Ba6 23. Qb3 Qb6 24. Nxc4 bxc4 25. Bxc4 Nxe4 26. Bxa6 Qxa6 27. b5 Rxc1+
28. Bxc1 Qa1 29. Qc4 Nc5 30. Kh2 h6 31. Be3 Qb2 32. g3 e4 33. Bd4 Qb3 34. Nd2
Qd3 35. Qxd3 exd3 36. Bxc5 dxc5 37. Kg2 Kf8 38. Kf3 Bg5 39. b6 Bd8 40. Nc4 d2
41. Ke2 Ke7 42. b7 1-0

[Event "46th Rilton Cup 2016-17"]
[Site "Stockholm SWE"]
[Date "2017.01.02"]
[Round "6.3"]
[White "Sokolov, Ivan"]
[Black "Sarkar, Justin"]
[Result "1-0"]
[WhiteTitle "GM"]
[BlackTitle "IM"]
[WhiteElo "2632"]
[BlackElo "2415"]
[WhiteFideId "14400030"]
[BlackFideId "2010011"]
[EventDate "2016.12.27"]

1. d4 Nf6 2. c4 g6 3. Nc3 d5 4. cxd5 Nxd5 5. e4 Nxc3 6. bxc3 Bg7 7. Qa4+ Nd7 8.
Be3 O-O 9. Rc1 e5 10. Nf3 Qe7 11. Bd3 f5 12. exf5 e4 13. f6 Bxf6 14. Bc4+ Kg7
15. Nd2 Nb6 16. Qc2 Nxc4 17. Nxc4 b6 18. Nd2 Ba6 19. c4 Rad8 20. d5 c6 21. dxc6
Rd3 22. O-O Rc8 23. Rfe1 Rxc6 24. Qa4 Bb7 25. Nxe4 Rxe3 26. Rxe3 Bd4 27. Re2 Re6
28. Qd1 Bxf2+ 29. Kxf2 Rxe4 30. Qd4+ Qf6+ 31. Qxf6+ Kxf6 32. Rxe4 Bxe4 33. Rc3 1-0

[Event "46th Rilton Cup 2016-17"]
[Site "Stockholm SWE"]
[Date "2017.01.02"]
[Round "6.4"]
[White "Volkov, Sergey"]
[Black "Neiksans, Arturs"]
[Result "1-0"]
[WhiteTitle "GM"]
[BlackTitle "GM"]
[WhiteElo "2624"]
[BlackElo "2631"]
[WhiteFideId "4122763"]
[BlackFideId "11601388"]
[EventDate "2016.12.27"]

1. d4 Nf6 2. c4 e6 3. Nc3 Bb4 4. f3 O-O 5. a3 Bxc3+ 6. bxc3 c5 7. e4 d6 8. Bd3
Nc6 9. Ne2 b6 10. Bg5 e5 11. d5 Na5 12. Ng3 h6 13. Be3 Re8 14. a4 Nd7 15. h4 Nf8
16. Kf2 Ng6 17. Nh5 Nxh4 18. g3 Ng6 19. f4 exf4 20. gxf4 Qe7 21. Qe2 Nxc4 22.
Bxc4 Qxe4 23. Ng3 Qe7 24. Bb5 Bg4 25. Qd2 Rf8 26. Rae1 Qd8 27. f5 Qf6 28. Bxh6
gxh6 29. Qxh6 Qg7 30. Qxg7+ Kxg7 31. fxg6 fxg6+ 32. Kg1 Rf7 33. Ne4 Bf3 34. Rh3
Rf4 35. Nxd6 Bxd5 36. Ne8+ Kg8 37. Re7 Rf7 38. Re5 a6 39. Bd3 Bc6 40. Nd6 Rd7
41. Re6 Bd5 42. Rxg6+ Rg7 43. Rhg3 Rxg6 44. Rxg6+ Kf8 45. Kf2 Bb3 46. Nf5 Ra7
47. Rxb6 Bxa4 48. Rxa6 Rxa6 49. Bxa6 Kf7 50. Ke3 Ke6 51. Kf4 Kd5 52. Ne3+ Kd6
53. Bc4 Bc6 54. Nf5+ Kc7 55. Ke5 Bf3 56. Bd5 Be2 57. Ng3 Bd3 58. Ne4 Kb6 59. Kd6 1-0

[Event "46th Rilton Cup 2016-17"]
[Site "Stockholm SWE"]
[Date "2017.01.02"]
[Round "6.5"]
[White "Blomqvist, Erik"]
[Black "Kravtsiv, Martyn"]
[Result "1-0"]
[WhiteTitle "GM"]
[BlackTitle "GM"]
[WhiteElo "2567"]
[BlackElo "2645"]
[WhiteFideId "1709437"]
[BlackFideId "14113147"]
[EventDate "2016.12.27"]

1. Nf3 Nf6 2. c4 e6 3. g3 d5 4. d4 Be7 5. Bg2 O-O 6. O-O dxc4 7. Qc2 a6 8. a4 c5
9. dxc5 Bxc5 10. Qxc4 b6 11. Ne5 Ra7 12. Nc3 Bb7 13. Bxb7 Rxb7 14. Ne4 Rc7 15.
Nxf6+ Qxf6 16. Qe4 Qe7 17. Bf4 f5 18. Qd3 Rd8 19. Qb3 Nc6 20. Nf3 Rcd7 21. Bg5
Qe8 22. Bxd8 Rxd8 23. Rfd1 Rc8 24. e3 Na5 25. Qd3 1-0

[Event "46th Rilton Cup 2016-17"]
[Site "Stockholm SWE"]
[Date "2017.01.02"]
[Round "6.6"]
[White "Liang, Awonder"]
[Black "Bluebaum, Matthias"]
[Result "1/2-1/2"]
[WhiteTitle "IM"]
[BlackTitle "GM"]
[WhiteElo "2495"]
[BlackElo "2640"]
[WhiteFideId "2056437"]
[BlackFideId "24651516"]
[EventDate "2016.12.27"]

1. e4 c6 2. d4 d5 3. Nc3 dxe4 4. Nxe4 Bf5 5. Ng3 Bg6 6. Nf3 Nf6 7. h4 Nh5 8.
Nxh5 Bxh5 9. Be3 Nd7 10. Qd3 Bxf3 11. gxf3 e6 12. h5 Qc7 13. O-O-O O-O-O 14. c4
Nf6 15. Qc2 Kb8 16. Be2 c5 17. Qc3 h6 18. Kb1 Be7 19. f4 Ne4 20. Qc2 f5 21. Bf3
Bf6 22. dxc5 Nxc5 23. Rxd8+ Rxd8 24. Rd1 Rxd1+ 25. Qxd1 a6 26. a3 Ne4 27. Qd3
Qc6 28. Bxe4 fxe4 29. Qb3 Qd6 30. Ka2 Kc8 31. Qa4 Kd8 32. Qa5+ Ke8 33. f5 Qc6
34. b3 b5 35. fxe6 bxc4 36. Qb4 c3 37. Qb8+ Ke7 38. Qg8 Qxe6 39. Qxe6+ Kxe6 40.
b4 Bg5 41. a4 Kd5 42. Kb3 Bf6 43. b5 axb5 44. axb5 Be5 45. b6 Kc6 46. Kc2 Bf6
47. Kb3 Be5 48. Kc2 Bf6 49. Kb3 g6 50. hxg6 Bg7 51. Bxh6 Bxh6 52. Kxc3 Bg7+ 53.
Kc4 Ba1 54. b7 Kxb7 55. Kd5 Kc7 56. Kxe4 Kd6 57. f4 Bf6 1/2-1/2

[Event "46th Rilton Cup 2016-17"]
[Site "Stockholm SWE"]
[Date "2017.01.02"]
[Round "6.7"]
[White "Cruz Lledo, Pablo"]
[Black "Goganov, Aleksey"]
[Result "1/2-1/2"]
[WhiteTitle "FM"]
[BlackTitle "GM"]
[WhiteElo "2415"]
[BlackElo "2637"]
[WhiteFideId "2297361"]
[BlackFideId "24109959"]
[EventDate "2016.12.27"]

1. d4 d5 2. c4 c6 3. Nc3 Nf6 4. cxd5 cxd5 5. Bf4 Nc6 6. e3 Bf5 7. Qb3 Na5 8.
Qa4+ Bd7 9. Qc2 e6 10. Bd3 Nc6 11. a3 Nh5 12. Bg3 Be7 13. f4 f5 14. Nf3 O-O 15.
Ne5 Rc8 16. Qe2 Be8 17. Bf2 Nf6 18. h3 Nxe5 19. fxe5 Ne4 20. Bxe4 fxe4 21. O-O
Qb6 22. Bg3 Rxf1+ 23. Rxf1 Rxc3 24. bxc3 Bb5 25. Qb2 Bxf1 26. Qxb6 axb6 27. Kxf1
Bxa3 28. Ke2 b5 29. Be1 Kf7 30. Kd1 Be7 31. g3 h5 32. Ke2 Bg5 33. Bd2 Kg6 34.
Be1 Kf5 35. Bd2 Be7 36. Be1 g5 37. Kd1 g4 38. h4 Kg6 39. Kc2 Kf7 40. Kd1 Ke8 41.
Kc2 Kd7 42. Kb3 Kc6 43. Kc2 b4 44. cxb4 Kb5 45. Kb3 Bf8 1/2-1/2

[Event "46th Rilton Cup 2016-17"]
[Site "Stockholm SWE"]
[Date "2017.01.02"]
[Round "6.8"]
[White "Nihal, Sarin"]
[Black "Antipov, Mikhail Al."]
[Result "0-1"]
[WhiteTitle "FM"]
[BlackTitle "GM"]
[WhiteElo "2340"]
[BlackElo "2580"]
[WhiteFideId "25092340"]
[BlackFideId "4107012"]
[EventDate "2016.12.27"]

1. d4 Nf6 2. c4 e6 3. Nc3 Bb4 4. Qc2 d6 5. Bg5 Nbd7 6. e3 c5 7. dxc5 Qa5 8. Bxf6
Nxf6 9. cxd6 Bd7 10. Bd3 Ba4 11. Qc1 O-O-O 12. Ne2 Bxd6 13. Nd4 Bc6 14. Nxc6
bxc6 15. Qc2 Be5 16. Rc1 Rd7 17. f4 Bxc3+ 18. Qxc3 Qc5 19. Bb1 Ng4 20. b4 Qh5
21. Be4 Rhd8 22. Qc2 Nxe3 23. Qe2 Rd1+ 24. Kf2 R1d2 25. Bf3 Ng4+ 26. Kg3 Rxe2
27. Bxe2 g5 28. Bxg4 Rd3+ 0-1

[Event "46th Rilton Cup 2016-17"]
[Site "Stockholm SWE"]
[Date "2017.01.02"]
[Round "6.9"]
[White "Kulaots, Kaido"]
[Black "Zumsande, Martin"]
[Result "1-0"]
[WhiteTitle "GM"]
[BlackTitle "IM"]
[WhiteElo "2556"]
[BlackElo "2485"]
[WhiteFideId "4500261"]
[BlackFideId "4651324"]
[EventDate "2016.12.27"]

1. c4 e6 2. Nf3 d5 3. d4 Nf6 4. Nc3 Be7 5. Bf4 O-O 6. e3 Nbd7 7. Qc2 c5 8. Rd1
Qa5 9. Nd2 cxd4 10. exd4 Bb4 11. Bd3 dxc4 12. Nxc4 Qh5 13. O-O Nd5 14. Nxd5 exd5
15. Nd6 Nf6 16. Nxc8 Qg4 17. Be5 Rfxc8 18. Qb3 a5 19. a3 Bf8 20. Qxb7 Qe6 21.
Rc1 Ne4 22. Rfe1 Rxc1 23. Rxc1 Re8 24. Bb5 Qh6 25. Rf1 Rxe5 26. dxe5 Qd2 27. Be8
Qf4 28. b4 axb4 29. axb4 Nd2 30. Re1 Ne4 31. f3 Ng5 32. Qxd5 Qxb4 33. Rd1 h5 34.
Kh1 Ne6 35. Bd7 Nf4 36. Qd4 Qb3 37. Ba4 1-0

[Event "46th Rilton Cup 2016-17"]
[Site "Stockholm SWE"]
[Date "2017.01.02"]
[Round "6.10"]
[White "Houska, Jovanka"]
[Black "Ivanov, Sergey"]
[Result "1/2-1/2"]
[WhiteTitle "IM"]
[BlackTitle "GM"]
[WhiteElo "2397"]
[BlackElo "2545"]
[WhiteFideId "405094"]
[BlackFideId "4101375"]
[EventDate "2016.12.27"]

1. d4 Nf6 2. Nf3 e6 3. c4 b6 4. g3 Ba6 5. b3 d5 6. cxd5 exd5 7. Bg2 Bb4+ 8. Bd2
Be7 9. O-O O-O 10. Nc3 Bb7 11. Bc1 Re8 12. Bb2 Nbd7 13. e3 Ne4 14. Rc1 Ndf6 15.
Ne5 c5 16. dxc5 Bxc5 17. Ng4 Ba6 18. Nxf6+ Qxf6 19. Nxe4 Qxb2 20. Nxc5 bxc5 21.
Re1 Bb7 22. Rxc5 Qxa2 23. Bxd5 Bxd5 24. Rxd5 Rab8 25. Rd3 g6 26. Qa1 Qxa1 27.
Rxa1 Re7 28. g4 Rb4 29. h3 Kg7 30. Kg2 Reb7 31. Ra3 h6 32. Kf3 R4b5 33. Ke2 h5
34. Kd2 hxg4 35. hxg4 Rb4 36. f3 R4b6 37. Kc2 g5 38. Ra5 Kg6 39. Rad5 Rc6+ 40.
Kb2 Re6 41. Rd6 Kf6 42. Ka3 Ke7 43. Rxe6+ Kxe6 44. Ka4 Rc7 45. b4 Rc1 46. Kb5
Rf1 47. e4 Ra1 48. Rd5 f6 49. Kc6 Ra3 50. Rf5 a6 51. Kb6 Rb3 52. Kc5 Rc3+ 53.
Kd4 Rb3 54. Kc4 Re3 55. Kd4 Rb3 56. Kc4 Re3 57. Ra5 Rxf3 58. Rxa6+ Ke5 59. b5
Rf1 60. Ra3 Kf4 61. b6 Rc1+ 62. Rc3 Rd1 63. Rd3 Rc1+ 64. Rc3 Rd1 65. b7 Rd8 66.
Rb3 Rb8 67. Kd5 Kxg4 68. Ke6 Kf4 69. Rb4 Kf3 70. Kf5 Ke3 71. Kxf6 g4 72. e5 g3
73. e6 g2 74. Rb1 Rxb7 75. Rg1 Kf2 76. Rxg2+ Kxg2 77. e7 Rxe7 1/2-1/2

[Event "46th Rilton Cup 2016-17"]
[Site "Stockholm SWE"]
[Date "2017.01.02"]
[Round "6.11"]
[White "Shyam, Sundar M."]
[Black "Akesson, Ralf"]
[Result "1/2-1/2"]
[WhiteTitle "GM"]
[BlackTitle "GM"]
[WhiteElo "2532"]
[BlackElo "2417"]
[WhiteFideId "5019141"]
[BlackFideId "1700120"]
[EventDate "2016.12.27"]

1. e4 c6 2. d4 d5 3. exd5 cxd5 4. c4 Nf6 5. Nc3 e6 6. Nf3 Bb4 7. cxd5 Nxd5 8.
Bd2 Nc6 9. Bd3 Nce7 10. O-O Bd7 11. Ne5 O-O 12. Qb3 Bc6 13. Nxd5 Qxd5 14. Bxh7+
Kxh7 15. Qh3+ Kg8 16. Bxb4 Rfe8 17. Bxe7 Rxe7 18. Rfd1 Be8 19. Ng4 Bc6 20. Qg3
Kf8 21. Ne3 Qh5 22. Qd6 Re8 23. Rac1 Kg8 24. Qc5 Qe2 25. Rc2 Qa6 26. b3 Rd7 27.
Rcd2 Bd5 28. h4 b6 29. Qc3 Qa3 30. Ng4 Qe7 31. Qg3 Rc8 32. h5 Rdc7 33. Qf4 Rc2
34. Rd3 Qc7 35. Qe3 Qe7 36. h6 Qh4 37. Qg3 Qg5 38. hxg7 f5 39. Ne5 Qxg3 40. Rxg3
R8c7 41. a3 R2c3 42. Rdd3 Rc1+ 43. Kh2 Rf1 44. Rc3 Rxc3 45. Rxc3 Rxf2 46. Rg3 f4
47. Rg5 f3 48. Ng4 Rxg2+ 49. Kh3 Rxg4 50. Rxg4 Bxb3 51. Kg3 Bd5 52. Rg6 b5 53.
Kh4 Bc4 54. Rf6 Bd5 55. Rg6 Bc4 56. Kg3 Bd5 57. Kf2 a5 58. Ke3 b4 59. axb4 axb4
60. Kd2 Bc4 61. Rf6 Bd5 62. Rg6 Bc4 63. Rf6 Bd5 1/2-1/2

[Event "46th Rilton Cup 2016-17"]
[Site "Stockholm SWE"]
[Date "2017.01.02"]
[Round "6.12"]
[White "Urkedal, Frode"]
[Black "Grunberg, Mihai-Lucian"]
[Result "1-0"]
[WhiteTitle "GM"]
[BlackTitle "IM"]
[WhiteElo "2557"]
[BlackElo "2389"]
[WhiteFideId "1506102"]
[BlackFideId "1204149"]
[EventDate "2016.12.27"]

1. d4 f5 2. Bg5 g6 3. Nc3 Bg7 4. e3 c6 5. Bd3 d5 6. h4 Qb6 7. Rb1 Nd7 8. Nf3
Ngf6 9. h5 Ne4 10. Bf4 Qa5 11. Kf1 Bf6 12. hxg6 hxg6 13. Rxh8+ Bxh8 14. Nh4 Nf8
15. Nxg6 Nxg6 16. Qh5 Be6 17. Qxg6+ Kd7 18. Bxe4 fxe4 19. Qh5 Bf6 20. b4 Qa3 21.
Rb3 Qc1+ 22. Qd1 Qxd1+ 23. Nxd1 Bg4 24. Nc3 Rh8 25. Kg1 e6 26. a4 b6 27. a5 Kc8
28. b5 c5 29. dxc5 bxc5 30. Na4 c4 31. Rb1 e5 32. Bg3 Bd7 33. Nc3 Be6 34. b6
axb6 35. Rxb6 Kd7 36. Nxd5 Bd8 37. Rb5 Kc6 38. Nc3 Bf6 39. Rb6+ Kd7 40. Nxe4 1-0

[Event "46th Rilton Cup 2016-17"]
[Site "Stockholm SWE"]
[Date "2017.01.02"]
[Round "6.13"]
[White "Sagit, Rauan"]
[Black "Tikkanen, Hans"]
[Result "1/2-1/2"]
[WhiteTitle "IM"]
[BlackTitle "GM"]
[WhiteElo "2417"]
[BlackElo "2531"]
[WhiteFideId "1708376"]
[BlackFideId "1706446"]
[EventDate "2016.12.27"]

1. Nf3 Nf6 2. g3 g6 3. b3 Bg7 4. Bb2 O-O 5. Bg2 d5 6. O-O c5 7. c4 d4 8. b4 Re8
9. d3 e5 10. bxc5 Na6 11. c6 bxc6 12. Nbd2 Bf8 13. Nb3 Rb8 14. Bc1 c5 15. Bg5 h6
16. Bxf6 Qxf6 17. Nfd2 Qd8 18. Qc1 f5 19. Qa3 Rb6 20. Qc1 Bb7 21. Bxb7 Rxb7 22.
f3 h5 23. Nb1 Nb4 24. N1d2 Rh7 25. Kh1 Re6 26. a3 Nc6 27. Qc2 Bd6 28. Rf2 Ne7
29. Rg2 Qa8 30. Rb1 g5 31. Re1 g4 32. e4 dxe3 33. Rxe3 Rg6 34. Kg1 Rhg7 35. Qd1
Nc6 36. Ree2 Nd4 37. Nxd4 cxd4 38. fxg4 hxg4 39. c5 Bc7 40. Qb3+ Kh7 41. Rgf2
Rg5 42. Rf1 Qc6 43. Ref2 Kg6 44. Qd1 Rh7 45. Qb3 Rf7 46. Ne4 Rh5 47. Nd6 Bxd6
48. Qe6+ Rf6 49. Qg8+ Kh6 50. Qh8+ Kg6 51. Qg8+ 1/2-1/2

[Event "46th Rilton Cup 2016-17"]
[Site "Stockholm SWE"]
[Date "2017.01.02"]
[Round "6.14"]
[White "Hillarp Persson, Tiger"]
[Black "Grafl, Florian"]
[Result "1-0"]
[WhiteTitle "GM"]
[BlackTitle "IM"]
[WhiteElo "2511"]
[BlackElo "2394"]
[WhiteFideId "1700812"]
[BlackFideId "4645715"]
[EventDate "2016.12.27"]

1. d4 e6 2. e4 b6 3. Nf3 Bb7 4. Bd3 Nf6 5. Qe2 d5 6. e5 Nfd7 7. O-O c5 8. c3 Nc6
9. a3 c4 10. Bc2 Be7 11. Bf4 b5 12. Nbd2 a5 13. Qe3 Nb6 14. Ng5 h6 15. Nh3 Kd7
16. Bg3 b4 17. f4 g6 18. f5 gxf5 19. Bxf5 exf5 20. Rxf5 Qg8 21. Raf1 Nd8 22.
Rxf7 Nxf7 23. e6+ Kc6 24. exf7 Qd8 25. Nf3 Kb5 26. Ne5 Bf8 27. Nf4 Nd7 28. Ne6
Qc8 29. Ng6 Rh7 30. Nc7+ Kb6 31. Qe6+ Bc6 32. Nxd5+ Kb7 33. Nde7 Bxe7 34. Nxe7
Nf8 35. Qe5 Qd7 36. Rf6 Bd5 37. Rd6 1-0

[Event "46th Rilton Cup 2016-17"]
[Site "Stockholm SWE"]
[Date "2017.01.02"]
[Round "6.15"]
[White "Henderson de La Fuente, Lance"]
[Black "Pavlovic, Milos"]
[Result "0-1"]
[BlackTitle "GM"]
[WhiteElo "2378"]
[BlackElo "2500"]
[WhiteFideId "32096585"]
[BlackFideId "900389"]
[EventDate "2016.12.27"]

1. e4 Nf6 2. e5 Nd5 3. d4 d6 4. Bc4 c6 5. Nf3 Bg4 6. h3 Bxf3 7. Qxf3 dxe5 8.
dxe5 e6 9. O-O Nd7 10. Re1 Qc7 11. Qg3 Ne7 12. Nd2 Nf5 13. Qf4 h6 14. Nf3 O-O-O
15. Qe4 Bc5 16. c3 Nb6 17. b4 Be7 18. Bf1 c5 19. a4 Qc6 20. Qxc6+ bxc6 21. g4
Nh4 22. Nxh4 Bxh4 23. Be3 Be7 24. b5 Nd5 25. bxc6 Kc7 26. c4 Nb4 27. Rad1 Rxd1
28. Rxd1 Nxc6 29. Rb1 Rd8 30. Bg2 Rd3 31. Bxc6 Kxc6 32. Rb8 Bd8 33. Rc8+ Kb7 34.
Rxc5 a6 0-1

[Event "46th Rilton Cup 2016-17"]
[Site "Stockholm SWE"]
[Date "2017.01.02"]
[Round "6.16"]
[White "Westerberg, Jonathan"]
[Black "Wallace, John Paul"]
[Result "1/2-1/2"]
[WhiteTitle "IM"]
[BlackTitle "IM"]
[WhiteElo "2483"]
[BlackElo "2387"]
[WhiteFideId "1701754"]
[BlackFideId "3200957"]
[EventDate "2016.12.27"]

1. d4 Nf6 2. Nf3 g6 3. g3 c5 4. c4 cxd4 5. Nxd4 Bg7 6. Bg2 O-O 7. Nc3 Nc6 8. O-O
Qa5 9. Nc2 d6 10. Qd2 Be6 11. Nd5 Qxd2 12. Bxd2 Rfc8 13. Rac1 Kf8 14. b3 Rab8
15. h3 Bd7 16. Ncb4 Nxd5 17. Nxd5 b5 18. cxb5 Rxb5 19. e3 e6 20. Nc3 Rbb8 21.
Ne4 d5 22. Nc5 Be8 23. Nd3 Bf6 24. Rfe1 Be7 25. Bc3 a5 26. Bb2 f5 27. Rc3 Nb4
28. Rxc8 Rxc8 29. Nxb4 axb4 30. Rc1 Rxc1+ 31. Bxc1 Bb5 32. Bf1 Bxf1 33. Kxf1 e5
34. Bb2 Bd6 35. f4 e4 36. Bd4 Kf7 37. h4 Ke6 38. Ke2 Kd7 39. Kd2 Kc6 40. Bf6 Bc5
41. Be5 Kd7 42. Bg7 Ke6 43. Ke2 Be7 44. Bd4 Bf6 45. Bc5 Bc3 46. Bb6 Kd7 47. Ba5
Kc6 48. a4 h5 49. Bd8 d4 50. exd4 Bxd4 51. Be7 Bc5 1/2-1/2

[Event "46th Rilton Cup 2016-17"]
[Site "Stockholm SWE"]
[Date "2017.01.02"]
[Round "6.17"]
[White "Bellon Lopez, Juan Manuel"]
[Black "Salomon, Johan"]
[Result "0-1"]
[WhiteTitle "GM"]
[BlackTitle "IM"]
[WhiteElo "2336"]
[BlackElo "2470"]
[WhiteFideId "2200031"]
[BlackFideId "1509500"]
[EventDate "2016.12.27"]

1. d4 Nf6 2. Nf3 d5 3. c4 e6 4. Nc3 Nbd7 5. e3 dxc4 6. Bxc4 a6 7. O-O b5 8. Bd3
c5 9. a4 b4 10. Ne4 Bb7 11. Ng3 Be7 12. Qe2 cxd4 13. exd4 a5 14. Ng5 Bd5 15. Bf4
h6 16. N5e4 O-O 17. Rac1 Qb6 18. Nxf6+ Nxf6 19. Rfd1 Rfc8 20. Rxc8+ Rxc8 21. Ba6
Ra8 22. Bb5 Qb7 23. f3 Bc6 24. Rc1 Bxb5 25. Qxb5 Qxb5 26. axb5 Nd5 27. Be5 Bg5
28. Rc6 Be3+ 29. Kf1 f6 30. Rxe6 fxe5 31. Rxe5 a4 32. b6 Nxb6 33. Rxe3 Nc4 34.
Re1 Nxb2 35. Ne4 Rd8 36. Nc5 Rxd4 37. Re4 Rxe4 38. fxe4 a3 39. Ke2 a2 40. Nb3
Na4 0-1

[Event "46th Rilton Cup 2016-17"]
[Site "Stockholm SWE"]
[Date "2017.01.02"]
[Round "6.19"]
[White "Sankalp, Gupta"]
[Black "Bracker, Frank"]
[Result "1-0"]
[BlackTitle "IM"]
[WhiteElo "2093"]
[BlackElo "2435"]
[WhiteFideId "5097010"]
[BlackFideId "24614343"]
[EventDate "2016.12.27"]

1. e4 e5 2. Nf3 Nc6 3. d4 exd4 4. Nxd4 Bc5 5. Nb3 Bb6 6. Nc3 d6 7. Qe2 Nge7 8.
Be3 O-O 9. O-O-O f5 10. f4 fxe4 11. Bxb6 axb6 12. Qxe4 Bf5 13. Qf3 Qd7 14. h3
Be6 15. g4 Nb4 16. a3 Qc6 17. Qxc6 Nbxc6 18. f5 Bxb3 19. cxb3 g6 20. Bc4+ Kh8
21. Nb5 Ne5 22. Nxc7 Rac8 23. Ne6 Rf6 24. Kb1 gxf5 25. Rxd6 fxg4 26. hxg4 b5 27.
Ng5 Kg7 28. Rxh7+ Kg6 29. Rxf6+ Kxg5 30. Re6 N7g6 31. Bxb5 Rc5 32. Rh5+ Kxg4 33.
Be2+ Kf4 34. Rxg6 1-0